Medieval gentlewoman : life in a gentry household in the later Middle Ages /

Bibliographic Details
Main Author: Swabey, Ffiona
Format: Book
Language:English
Published: New York : Routledge, 1999.
Subjects:

MARC

Tag First Indicator Second Indicator Subfields
LEADER 00000cam a2200000 a 4500
001 in00001552521
005 20151022063241.0
008 991214s1999 nyua b 001 0beng c
020 |a 0415925118 :  |c $35.00 
035 |a (OCoLC)ocm43002084 
040 |a ILC  |c ILC  |d UMC  |d ABC  |d TXA  |d UtOrBLW 
042 |a pcc 
043 |a e-uk--- 
049 |a TXAM 
050 4 |a DA247.D42  |b S93 1999b 
092 |a 305.40902  |b SWAB 
100 1 |a Swabey, Ffiona. 
245 1 0 |a Medieval gentlewoman :  |b life in a gentry household in the later Middle Ages /  |c Ffiona Swabey. 
264 1 |a New York :  |b Routledge,  |c 1999. 
300 |a xi, 210 pages, 8 unnumbered pages of plates :  |b illustrations (some color), maps ;  |c 26 cm. 
336 |a text  |b txt  |2 rdacontent 
337 |a unmediated  |b n  |2 rdamedia 
338 |a volume  |b nc  |2 rdacarrier 
504 |a Includes bibliographical references (pages [197]-206) and index. 
505 0 |a List of plates and illustrations -- Picture credits -- Acknowledgements -- Notes and abbreviations -- Introduction -- 1. The medieval household -- 2. Marriage and the family -- 3. Estate management -- 4. The gentle lifestyle -- 5. Men at the table -- 6. Women at the table -- 7. The wider world -- 8. Considerations for the afterlife -- Epilogue -- Appendix 1 -- Appendix 2 -- Notes -- Bibliography -- Index. 
536 |a Gift to the Texas A & M University Libraries by Susie Powell ; December, 1999. 
600 1 0 |a De Bryene, Alice,  |c Dame,  |d approximately 1360-1434 or 1435. 
650 0 |a Women  |z England  |x History  |y Middle Ages, 500-1500. 
650 0 |a Women  |x History  |y Middle Ages, 500-1500. 
650 0 |a Cities and towns, Medieval  |z England. 
650 0 |a Households  |z England  |x History. 
650 0 |a Middle Ages. 
651 0 |a England  |x Social life and customs  |y 1066-1485. 
994 |a E0  |b TXA 
948 |a cataloged  |b h  |c 2000/7/27  |d c  |e pkellar  |f 9:36:04 am 
999 |a MARS 
999 f f |s 47182c85-77f3-3d60-8e50-ddbdfd9bbd84  |i ea7e8196-127b-3104-a95a-1337416b55da  |t 0 
952 f f |p normal  |a Texas A&M University  |b College Station  |c Sterling C. Evans Library  |d Evans: Library Stacks  |t 0  |e DA247.D42 S93 1999b  |h Library of Congress classification  |i unmediated -- volume  |m A14826495482 
998 f f |a DA247.D42 S93 1999b  |t 0  |l Evans: Library Stacks